| 000 | nam a22 a 4500 | ||
|---|---|---|---|
| 999 |
_c650 _d650 |
||
| 005 | 20170504143314.0 | ||
| 008 | 170504s1994 MY ||||| |||| 00| 0 eng d | ||
| 020 |
_a9838970255 (pbk.) _cRM 18.00 |
||
| 040 | _aAKMAL | ||
| 082 | _a158.2 MEI | ||
| 090 |
_a158.2 _bMEI _dM |
||
| 100 |
_aMeier, Paul _91394 |
||
| 245 |
_aDon't let jerks get the best of you / _cPaul Meier |
||
| 260 |
_aPetaling Jaya _bGlad Sounds, _c1994 |
||
| 300 |
_a249p. _c23cm |
||
| 500 | _aIncludes questions and answers | ||
| 599 | _aDALAM PROSES | ||
| 650 |
_aCounseling _91027 |
||
| 650 |
_aPsychology _9859 |
||
| 942 |
_2ddc _cBOOK |
||